AI tools and techniques

Αποθηκεύτηκε σε:
Λεπτομέρειες βιβλιογραφικής εγγραφής
Άλλοι συγγραφείς: Richer, Mark H. (Επιμελητής έκδοσης)
Μορφή: Βιβλίο
Γλώσσα:English
Δημοσίευση: Norwood, NJ : Ablex Pub., c1989
Θέματα:
Ετικέτες: Προσθήκη ετικέτας
Δεν υπάρχουν, Καταχωρήστε ετικέτα πρώτοι!

MARC

LEADER 00000cam a2200000 i 4500
001 1/55401
008 941103s1989 eng d
020 |a 0893914940 
035 |l 10045276 
035 |a 1994  |c ΠΑΝΑΓΙΩΤΟΠΟΥΛΟΣ 
040 |a GR-MY-UA  |b gre  |e aacr 
041 0 |a eng 
082 0 |a 006.3  |2 (19) 
245 1 0 |a AI tools and techniques /  |c Edited by Mark H. Richer 
246 3 3 |a Artificial intelligence tools and techniques 
260 |a Norwood, NJ :   |b Ablex Pub.,   |c c1989 
300 |a xvii, 366 p.;  |b ill.;  |c 24 cm 
500 |a Includes bibliographies and indexes 
650 0 0 |a Artificial intelligence  |x Data processing. 
700 1 |a Richer, Mark H.  |e edt 
852 |a INST  |b SAMOS  |e 19941103  |h 006.3 AIT  |p 005300003070  |q 005300003070  |t BK  |y 0 
909 |a Σ  |b 034824